[Event "3FoglarVeterans_SIM_A"]
[Site "?"]
[Date "2007.??.??"]
[Round "?"]
[White "Leemans, Robert"]
[Black "Anderson, Brian"]
[Result "1-0"]
[WhiteElo "2348"]
[BlackElo "2346"]
[PlyCount "49"]
[EventDate "2007.??.??"]
[EventType "corr"]
[SourceDate "2007.04.06"]

1. e4 e5 2. Nf3 Nc6 3. Bb5 a6 4. Ba4 Nf6 5. O-O b5 6. Bb3 Be7 7. Re1 O-O 8. c3
d6 9. h3 Na5 10. Bc2 c5 11. d4 Nd7 12. d5 Nb6 13. Nbd2 Nb7 14. Nf1 f5 15. exf5
Bxf5 16. Bxf5 Rxf5 17. Ng3 Rf8 18. Ne4 h6 19. Be3 Qe8 20. b4 Rd8 21. a4 Nxa4
22. bxc5 dxc5 23. Bxh6 Qf7 24. Nxe5 Qf5 25. Bf4 1-0

[Event "3FoglarVeterans_SIM_A"]
[Site "?"]
[Date "2007.??.??"]
[Round "?"]
[White "Bucek, Jiri"]
[Black "Peczkowski, Marek"]
[Result "1/2-1/2"]
[WhiteElo "2370"]
[BlackElo "2345"]
[PlyCount "37"]
[EventDate "2007.??.??"]
[EventType "corr"]
[SourceDate "2007.04.06"]

1. e4 c5 2. c3 Nf6 3. e5 Nd5 4. Nf3 Nc6 5. Bc4 Nb6 6. Bb3 d5 7. exd6 Qxd6 8.
Na3 Be6 9. d4 Bxb3 10. Qxb3 cxd4 11. Nb5 Qd7 12. Nbxd4 Nxd4 13. Nxd4 e5 14. Nf3
Bd6 15. O-O O-O 16. Be3 e4 17. Ng5 Qc7 18. h3 Rae8 19. Rfe1 1/2-1/2

[Event "3FoglarVeterans_SIM_A"]
[Site "?"]
[Date "2007.??.??"]
[Round "?"]
[White "Glaser, Karel"]
[Black "Leemans, Robert"]
[Result "1-0"]
[WhiteElo "2165"]
[BlackElo "2348"]
[PlyCount "81"]
[EventDate "2007.??.??"]
[EventType "corr"]
[SourceDate "2007.04.06"]

1. e4 c5 2. Nf3 d6 3. d4 cxd4 4. Nxd4 Nf6 5. Nc3 a6 6. Be3 e5 7. Nb3 Be6 8. f3
Be7 9. Qd2 O-O 10. Be2 Nbd7 11. Nd5 Nxd5 12. exd5 Bf5 13. O-O h6 14. Rad1 Rc8
15. c4 Re8 16. Na5 Bg5 17. Bxg5 hxg5 18. b4 Qb6+ 19. Kh1 f6 20. Rc1 Bg6 21. Nb3
Red8 22. a3 Nc5 23. Na5 Nd7 24. Rfe1 Nc5 25. Qe3 Qc7 26. g3 Nd7 27. Bd3 Bxd3
28. Qxd3 b6 29. Nc6 Re8 30. f4 Nb8 31. b5 gxf4 32. gxf4 exf4 33. Qf5 Nxc6 34.
bxc6 Qf7 35. a4 g5 36. a5 bxa5 37. c5 dxc5 38. d6 Rxe1+ 39. Rxe1 Re8 40. Re4
Qh5 41. Rxf4 1-0

[Event "3FoglarVeterans_SIM_A"]
[Site "?"]
[Date "2007.??.??"]
[Round "?"]
[White "Canibal, Jaromir"]
[Black "Ryska, Jiri"]
[Result "1/2-1/2"]
[WhiteElo "2179"]
[BlackElo "2257"]
[PlyCount "91"]
[EventDate "2007.??.??"]
[EventType "corr"]
[SourceDate "2007.04.06"]

1. e4 e5 2. Nf3 Nc6 3. Bb5 a6 4. Ba4 Nf6 5. O-O Be7 6. Re1 b5 7. Bb3 d6 8. c3
O-O 9. h3 Na5 10. Bc2 c5 11. d4 Qc7 12. d5 Nd7 13. Nbd2 Nb6 14. Nf1 f5 15. exf5
Bxf5 16. Bxf5 Rxf5 17. Ng3 Rf7 18. b3 Raf8 19. Ne4 h6 20. Be3 Qd7 21. b4 Nac4
22. bxc5 Nxe3 23. fxe3 dxc5 24. d6 Bf6 25. Qd3 c4 26. Qc2 Qe6 27. Rad1 Bd8 28.
Nc5 Qc8 29. Ne4 Qf5 30. Kh2 g5 31. Rf1 g4 32. Nfd2 Qg6 33. hxg4 Qxg4 34. Rf3
Rg7 35. Rg3 Qe2 36. Rxg7+ Kxg7 37. Ng3 Qg4 38. Nf3 Bh4 39. Ne4 Nd7 40. Nxh4
Qxh4+ 41. Kg1 Rf7 42. Ra1 Qg4 43. a4 h5 44. axb5 axb5 45. Rb1 Qf5 46. Rb2
1/2-1/2

[Event "3FoglarVeterans_SIM_A"]
[Site "?"]
[Date "2007.??.??"]
[Round "?"]
[White "Glembek, Bohumir"]
[Black "Miciak, Emanuel"]
[Result "1/2-1/2"]
[WhiteElo "2189"]
[BlackElo "2372"]
[PlyCount "77"]
[EventDate "2007.??.??"]
[EventType "corr"]
[SourceDate "2007.04.06"]

1. d4 Nf6 2. c4 e6 3. Nc3 Bb4 4. e3 O-O 5. Bd3 d5 6. Nf3 c5 7. O-O dxc4 8. Bxc4
Nbd7 9. a3 Ba5 10. Bd3 a6 11. Qe2 Bc7 12. Rd1 Qe7 13. dxc5 Nxc5 14. Bc2 Ncd7
15. e4 Ne5 16. Be3 b5 17. b4 Rd8 18. Bc5 Rxd1+ 19. Rxd1 Qe8 20. a4 Nxf3+ 21.
Qxf3 Be5 22. Qd3 Bb7 23. axb5 axb5 24. f3 Bc6 25. Bd4 Rd8 26. Qe3 Bxd4 27. Rxd4
e5 28. Rxd8 Qxd8 29. Kf1 Nd7 30. Nd1 Qc7 31. Qc3 Nf8 32. Bb3 Qd6 33. Ne3 Bd7
34. g3 Ne6 35. Nf5 Qc7 36. Qxc7 Nxc7 37. Nd6 Be8 38. Nxe8 Nxe8 39. Ke2 1/2-1/2

[Event "3FoglarVeterans_SIM_A"]
[Site "?"]
[Date "2007.??.??"]
[Round "?"]
[White "Plchut, Jan"]
[Black "Glembek, Bohumir"]
[Result "1/2-1/2"]
[WhiteElo "2324"]
[BlackElo "2189"]
[PlyCount "62"]
[EventDate "2007.??.??"]
[EventType "corr"]
[SourceDate "2007.04.06"]

1. Nf3 Nf6 2. g3 g6 3. Bg2 Bg7 4. O-O d6 5. d4 O-O 6. c4 Nc6 7. Nc3 Re8 8. e4
e5 9. d5 Nd4 10. Nxd4 exd4 11. Nb5 Nxe4 12. Re1 f5 13. Nxd4 c5 14. Ne6 Bxe6 15.
dxe6 Rxe6 16. f3 Bd4+ 17. Be3 Nc3 18. bxc3 Bxe3+ 19. Kh1 Kh8 20. f4 Qf6 21.
Bxb7 Rb8 22. Bd5 Re7 23. Qc2 g5 24. fxg5 Qxg5 25. Rf1 f4 26. Rf3 fxg3 27. Rxg3
Qf6 28. a4 Bh6 29. Qg2 Rg7 30. Rf1 Qe7 31. a5 Rf8 1/2-1/2

[Event "3FoglarVeterans_SIM_A"]
[Site "?"]
[Date "2007.??.??"]
[Round "?"]
[White "Leemans, Robert"]
[Black "Canibal, Jaromir"]
[Result "1/2-1/2"]
[WhiteElo "2348"]
[BlackElo "2179"]
[PlyCount "31"]
[EventDate "2007.??.??"]
[EventType "corr"]
[SourceDate "2007.04.06"]

1. d4 Nf6 2. c4 g6 3. Nc3 Bg7 4. e4 d6 5. Nf3 O-O 6. Be2 e5 7. O-O exd4 8. Nxd4
Re8 9. f3 Nc6 10. Be3 Nh5 11. Qd2 Nxd4 12. Bxd4 Bxd4+ 13. Qxd4 Qf6 14. Qxf6
Nxf6 15. Rac1 Bd7 16. Nd5 1/2-1/2

[Event "3FoglarVeterans_SIM_A"]
[Site "?"]
[Date "2007.??.??"]
[Round "?"]
[White "Timokhovich, Nikolai"]
[Black "Peczkowski, Marek"]
[Result "1-0"]
[WhiteElo "2345"]
[BlackElo "2345"]
[PlyCount "105"]
[EventDate "2007.??.??"]
[EventType "corr"]
[SourceDate "2007.04.06"]

1. e4 c5 2. Nf3 d6 3. d4 cxd4 4. Nxd4 Nf6 5. Nc3 a6 6. Be2 e5 7. Nb3 Be7 8. O-O
O-O 9. Kh1 Be6 10. f4 Qc7 11. f5 Bc4 12. g4 d5 13. g5 Nxe4 14. Nxe4 dxe4 15. f6
Bb4 16. Bxc4 Qxc4 17. fxg7 Kxg7 18. Be3 Nc6 19. c3 Be7 20. Qg4 Rad8 21. Nd2 Qb5
22. Nxe4 Qxb2 23. Rfb1 Qc2 24. Rxb7 Rb8 25. Rc7 Rfc8 26. Rxc8 Rxc8 27. Rf1 Rb8
28. Qf5 Kh8 29. Rf2 Qb1+ 30. Kg2 Rb2 31. Rxb2 Qxb2+ 32. Bf2 Qc2 33. h4 Qd3 34.
h5 Qd5 35. Kg3 Qd3+ 36. Kh2 Qc4 37. h6 Kg8 38. Qc8+ Bd8 39. Nf6+ Kh8 40. Qf5
Qf4+ 41. Qxf4 exf4 42. Kg2 Bxf6 43. gxf6 Ne5 44. Bd4 Ng6 45. Bc5 Kg8 46. Bd6
Nh4+ 47. Kf2 Nf5 48. Bxf4 Kf8 49. Kf3 Nh4+ 50. Ke4 Ke8 51. c4 Ng6 52. Be3 Kd7
53. Kd5 1-0

[Event "3FoglarVeterans_SIM_A"]
[Site "?"]
[Date "2007.??.??"]
[Round "?"]
[White "Anderson, Brian"]
[Black "Timokhovich, Nikolai"]
[Result "1/2-1/2"]
[WhiteElo "2346"]
[BlackElo "2345"]
[PlyCount "53"]
[EventDate "2007.??.??"]
[EventType "corr"]
[SourceDate "2007.04.06"]

1. e4 e6 2. d4 d5 3. Nc3 Bb4 4. e5 c5 5. a3 Bxc3+ 6. bxc3 Ne7 7. Qg4 O-O 8. Bd3
Nbc6 9. Qh5 Ng6 10. Nf3 Qc7 11. Be3 c4 12. Bxg6 fxg6 13. Qg4 Qf7 14. Ng5 Qe8
15. h4 h6 16. Nh3 Bd7 17. Qe2 b5 18. g4 a5 19. h5 gxh5 20. g5 hxg5 21. Nxg5 g6
22. Kd2 Qe7 23. Rag1 Qg7 24. Nh3 Be8 25. Nf4 Rxf4 26. Bxf4 Ne7 27. Rxh5 1/2-1/2

[Event "3FoglarVeterans_SIM_A"]
[Site "?"]
[Date "2007.??.??"]
[Round "?"]
[White "Ryska, Jiri"]
[Black "Kostal, Jindrich"]
[Result "0-1"]
[WhiteElo "2257"]
[BlackElo "2385"]
[PlyCount "90"]
[EventDate "2007.??.??"]
[EventType "corr"]
[SourceDate "2007.04.06"]

1. c4 Nf6 2. Nc3 e6 3. d4 d5 4. Nf3 c6 5. e3 Nbd7 6. Bd3 dxc4 7. Bxc4 b5 8. Bd3
a6 9. e4 c5 10. e5 cxd4 11. Nxb5 axb5 12. exf6 Qb6 13. O-O gxf6 14. Qe2 b4 15.
Rd1 Bc5 16. Bh6 Bb7 17. Be4 Rg8 18. Bf4 Ra7 19. Bg3 Ba6 20. Qd2 f5 21. Bc2 Bc4
22. Nxd4 f4 23. Bxf4 e5 24. Nb3 exf4 25. Nxc5 Nxc5 26. Qxf4 Be6 27. g3 Rg4 28.
Qh6 Ne4 29. Bxe4 Rxe4 30. Rac1 Rd4 31. Qxh7 Rxd1+ 32. Rxd1 Ra5 33. Qh8+ Ke7 34.
Qh4+ f6 35. Re1 Rf5 36. g4 Rf4 37. h3 Qd4 38. Qh7+ Kd6 39. Qc2 Bd5 40. Re8 Bc6
41. Re3 Qd5 42. Rd3 Rd4 43. Kf1 b3 44. Ke1 Qe4+ 45. Kd1 Qf3+ 0-1

[Event "3FoglarVeterans_SIM_A"]
[Site "?"]
[Date "2007.??.??"]
[Round "?"]
[White "Leemans, Robert"]
[Black "Glembek, Bohumir"]
[Result "1-0"]
[WhiteElo "2348"]
[BlackElo "2189"]
[PlyCount "73"]
[EventDate "2007.??.??"]
[EventType "corr"]
[SourceDate "2007.04.06"]

1. e4 e5 2. Nf3 Nc6 3. Bb5 a6 4. Ba4 Nf6 5. O-O b5 6. Bb3 Bb7 7. d3 Be7 8. Re1
d6 9. a4 b4 10. a5 O-O 11. Nbd2 Re8 12. Nf1 Bf8 13. Bg5 h6 14. Bh4 g6 15. Ne3
Bg7 16. Qd2 Rb8 17. c3 bxc3 18. bxc3 Bc8 19. Ba4 Bd7 20. Bxf6 Qxf6 21. Nd5 Qd8
22. Rab1 Kh7 23. Qa2 Rf8 24. Rxb8 Qxb8 25. h3 f5 26. Rb1 Qd8 27. exf5 gxf5 28.
Rb7 Nxa5 29. Rxc7 Be6 30. Ra7 Qc8 31. Re7 Bg8 32. Bd7 Qc5 33. Be6 Bxe6 34. Rxe6
Nc6 35. Nh4 a5 36. g4 fxg4 37. hxg4 1-0

[Event "3FoglarVeterans_SIM_A"]
[Site "?"]
[Date "2007.??.??"]
[Round "?"]
[White "Bucek, Jiri"]
[Black "Leroy, Jacques"]
[Result "1-0"]
[WhiteElo "2370"]
[BlackElo "2386"]
[PlyCount "94"]
[EventDate "2007.??.??"]
[EventType "corr"]
[SourceDate "2007.04.06"]

1. e4 c5 2. Nf3 Nc6 3. d4 cxd4 4. Nxd4 Nf6 5. Nc3 e6 6. Ndb5 d6 7. Bf4 e5 8.
Bg5 a6 9. Na3 Be6 10. Nc4 Rc8 11. Bxf6 Qxf6 12. Nb6 Rb8 13. Ncd5 Qg6 14. Qd3
Be7 15. Nc7+ Kd8 16. Ncd5 f5 17. O-O-O fxe4 18. Qc3 Bxd5 19. Nxd5 Rc8 20. Kb1
Rf8 21. Qb3 b5 22. Qa3 Qg4 23. f3 exf3 24. Nxe7 Kxe7 25. Qxd6+ Kf7 26. gxf3 Qf5
27. Bd3 Qf6 28. Qa3 Kg8 29. Qxa6 Nd4 30. Qxf6 Rxf6 31. c3 Nxf3 32. Bxb5 e4 33.
a4 Rc5 34. Kc2 e3 35. b4 Rg5 36. Be2 Rg2 37. Kd3 Nh4 38. Rde1 Rgf2 39. Ref1 Ng2
40. Rxf2 exf2 41. a5 Nf4+ 42. Ke3 Re6+ 43. Kxf4 Rxe2 44. Rf1 Kf7 45. Kg3 Ke6
46. Rxf2 Re1 47. a6 Rg1+ 1-0

[Event "3FoglarVeterans_SIM_A"]
[Site "?"]
[Date "2007.??.??"]
[Round "?"]
[White "Timokhovich, Nikolai"]
[Black "Glaser, Karel"]
[Result "1-0"]
[WhiteElo "2345"]
[BlackElo "2165"]
[PlyCount "51"]
[EventDate "2007.??.??"]
[EventType "corr"]
[SourceDate "2007.04.06"]

1. e4 e5 2. Nf3 Nc6 3. Bb5 a6 4. Bxc6 dxc6 5. O-O Qd6 6. Na3 b5 7. c3 c5 8. Nc2
Ne7 9. a4 Rb8 10. axb5 axb5 11. d4 cxd4 12. cxd4 exd4 13. Ncxd4 c5 14. Nxb5
Qxd1 15. Nc7+ Kd8 16. Rxd1+ Kxc7 17. Bf4+ Kb7 18. Bxb8 Kxb8 19. Ne5 Ng6 20.
Nxf7 Rg8 21. Rd8 Kc7 22. Re8 Bb7 23. Nd8 Kd7 24. Rxf8 Rxf8 25. Nxb7 Kc7 26.
Nxc5 1-0

[Event "3FoglarVeterans_SIM_A"]
[Site "?"]
[Date "2007.??.??"]
[Round "?"]
[White "Glaser, Karel"]
[Black "Peczkowski, Marek"]
[Result "1/2-1/2"]
[WhiteElo "2165"]
[BlackElo "2345"]
[PlyCount "121"]
[EventDate "2007.??.??"]
[EventType "corr"]
[SourceDate "2007.04.06"]

1. e4 c5 2. Nf3 d6 3. d4 cxd4 4. Nxd4 Nf6 5. Nc3 a6 6. Be3 e5 7. Nb3 Be7 8. Be2
Be6 9. Nd5 Nbd7 10. Qd3 Bxd5 11. exd5 O-O 12. O-O Nc5 13. Qd2 Nfe4 14. Qb4 a5
15. Qb5 Qc7 16. Rfd1 b6 17. f3 Nf6 18. a4 Rac8 19. Bf1 Rfe8 20. c3 h6 21. Rab1
Bf8 22. Kh1 g6 23. Bf2 e4 24. fxe4 Ng4 25. Bg1 Nxe4 26. Re1 Qd8 27. g3 Qg5 28.
Nd4 Ngf6 29. Nf3 Qh5 30. Kg2 Re7 31. Bd3 Rce8 32. Rf1 Nxd5 33. Bc4 Nc5 34. Nh4
Re4 35. Kh1 R8e7 36. Nxg6 Nc7 37. Nxe7+ Bxe7 38. Bxf7+ Qxf7 39. Rxf7 Nxb5 40.
Rxe7 Rxe7 41. axb5 a4 42. Rd1 Re6 43. Rd2 Kf7 44. Kg2 Nb3 45. Rf2+ Ke7 46. Rf4
Re2+ 47. Kf3 Rxb2 48. Rxa4 Nc5 49. Ra7+ Ke6 50. Rh7 Rxb5 51. Rxh6+ Kd7 52. Bd4
Rb3 53. g4 b5 54. Ke3 b4 55. g5 bxc3 56. Bxc5 c2+ 57. Kd2 Rc3 58. Ba3 Rxa3 59.
Kxc2 Ke7 60. h4 Rg3 61. g6 1/2-1/2

[Event "3FoglarVeterans_SIM_A"]
[Site "?"]
[Date "2007.??.??"]
[Round "?"]
[White "Canibal, Jaromir"]
[Black "Timokhovich, Nikolai"]
[Result "0-1"]
[WhiteElo "2179"]
[BlackElo "2345"]
[PlyCount "96"]
[EventDate "2007.??.??"]
[EventType "corr"]
[SourceDate "2007.04.06"]

1. e4 e6 2. d4 d5 3. Nd2 Nf6 4. e5 Nfd7 5. f4 c5 6. c3 Nc6 7. Ndf3 cxd4 8. cxd4
Qb6 9. g3 Be7 10. Ne2 O-O 11. Bh3 f6 12. Bxe6+ Kh8 13. O-O Ndxe5 14. Bxd5 Rd8
15. Qb3 Qxb3 16. Bxb3 Nxf3+ 17. Rxf3 Bg4 18. Rf2 Bb4 19. Bd1 Re8 20. a3 Be1 21.
Rf1 Ba5 22. Kf2 Bh3 23. Rg1 Bb6 24. Be3 Rad8 25. Re1 Nxd4 26. Nxd4 Rxd4 27. Be2
g5 28. Rac1 Rxf4+ 29. Bf3 Rd4 30. Rcd1 Rxd1 31. Bxd1 Rxe3 32. Rxe3 f5 33. Ke2
Bxe3 34. Kxe3 Kg7 35. Kd4 Kf6 36. b4 b6 37. Bc2 h5 38. Ba4 f4 39. gxf4 gxf4 40.
Ke4 Kg5 41. Kf3 Bg4+ 42. Kf2 Kf6 43. h4 Ke5 44. Bc6 Kd4 45. b5 Kc5 46. Be8 Kc4
47. Ke1 Kd4 48. Kf2 Kc3 0-1

[Event "3FoglarVeterans_SIM_A"]
[Site "?"]
[Date "2007.??.??"]
[Round "?"]
[White "Kostal, Jindrich"]
[Black "Leemans, Robert"]
[Result "1/2-1/2"]
[WhiteElo "2385"]
[BlackElo "2348"]
[PlyCount "72"]
[EventDate "2007.??.??"]
[EventType "corr"]
[SourceDate "2007.04.06"]

1. e4 e6 2. d4 d5 3. Nd2 Nf6 4. e5 Nfd7 5. Bd3 c5 6. c3 Nc6 7. Ne2 cxd4 8. cxd4
f6 9. exf6 Nxf6 10. Nf3 Bd6 11. O-O Qc7 12. Nc3 a6 13. Be3 O-O 14. Rc1 Bd7 15.
Na4 Qa5 16. Bd2 Bb4 17. Nc3 Qd8 18. Bf4 Rc8 19. a3 Nh5 20. Be5 Be7 21. Ne2 g6
22. Rc2 Be8 23. h3 Rxf3 24. gxf3 Nxe5 25. dxe5 Rxc2 26. Qxc2 Bg5 27. Re1 Bf4
28. Nd4 Bd7 29. Kh1 Qh4 30. Bf1 Bh6 31. Rd1 Bg7 32. Qc7 Qxf2 33. Qd8+ Bf8 34.
Bg2 Nf4 35. Qg5 Bh6 36. Qd8+ Bf8 1/2-1/2

[Event "3FoglarVeterans_SIM_A"]
[Site "?"]
[Date "2007.??.??"]
[Round "?"]
[White "Sage, Francois"]
[Black "Ryska, Jiri"]
[Result "1-0"]
[WhiteElo "2371"]
[BlackElo "2257"]
[PlyCount "99"]
[EventDate "2007.??.??"]
[EventType "corr"]
[SourceDate "2007.04.06"]

1. d4 Nf6 2. c4 Nc6 3. Nf3 e6 4. a3 d5 5. Nc3 Be7 6. e3 Na5 7. Qa4+ c6 8. cxd5
exd5 9. Bd2 O-O 10. Nxd5 Qxd5 11. Qxa5 Qb3 12. Qc3 Qd5 13. Bc4 Qh5 14. Ne5 Bd6
15. Be2 Qh4 16. O-O Ne4 17. Qc2 Nxd2 18. Qxd2 Be6 19. Qc3 Qe7 20. f4 f6 21. Nc4
Bc7 22. Nd2 Bd5 23. Rac1 Kh8 24. Bc4 Rad8 25. b4 f5 26. Bxd5 Rxd5 27. Nc4 g5
28. fxg5 Qxg5 29. Rf3 Rg8 30. g3 Qg4 31. Rcf1 Qe4 32. Kg2 Rg7 33. R1f2 Qg4 34.
Qd3 Rf7 35. Nd2 f4 36. exf4 Bb6 37. Nb3 Bxd4 38. Nxd4 Rfd7 39. Qc3 Rxd4 40. Rd3
Qg7 41. Re2 Rd8 42. Qxd4 Qxd4 43. Rxd4 Rxd4 44. Re8+ Kg7 45. Re7+ Kg8 46. Rxb7
a5 47. Rb6 axb4 48. axb4 Rc4 49. Rb7 c5 50. b5 1-0

[Event "3FoglarVeterans_SIM_A"]
[Site "?"]
[Date "2007.??.??"]
[Round "?"]
[White "Miciak, Emanuel"]
[Black "Plchut, Jan"]
[Result "1-0"]
[WhiteElo "2372"]
[BlackElo "2324"]
[PlyCount "65"]
[EventDate "2007.??.??"]
[EventType "corr"]
[SourceDate "2007.04.06"]

1. d4 Nf6 2. c4 g6 3. Nc3 Bg7 4. e4 d6 5. Nf3 O-O 6. Be2 e5 7. O-O Nc6 8. d5
Ne7 9. b4 Nh5 10. Re1 f5 11. Ng5 Nf6 12. f3 Kh8 13. Ne6 Bxe6 14. dxe6 Nh5 15.
c5 Nf4 16. cxd6 cxd6 17. Bxf4 exf4 18. Rc1 fxe4 19. fxe4 Qb6+ 20. Kh1 Rfc8 21.
Nd5 Nxd5 22. Rxc8+ Rxc8 23. exd5 Bc3 24. Rf1 Qxb4 25. Qc1 g5 26. h4 Qe4 27. Rf3
Qxe2 28. Rxc3 Rxc3 29. Qxc3+ Kg8 30. Kh2 Qe5 31. Qc8+ Kg7 32. Qxb7+ Kf6 33.
Qf7# 1-0

[Event "3FoglarVeterans_SIM_A"]
[Site "?"]
[Date "2007.??.??"]
[Round "?"]
[White "Ryska, Jiri"]
[Black "Miciak, Emanuel"]
[Result "0-1"]
[WhiteElo "2257"]
[BlackElo "2372"]
[PlyCount "88"]
[EventDate "2007.??.??"]
[EventType "corr"]
[SourceDate "2007.04.06"]

1. c4 e5 2. Nc3 Nf6 3. Nf3 Nc6 4. g3 d5 5. cxd5 Nxd5 6. Bg2 Nb6 7. O-O Be7 8.
a4 a5 9. d3 Be6 10. Be3 Nd5 11. Bd2 Ndb4 12. Rc1 O-O 13. Ne4 f6 14. Nc5 Bxc5
15. Rxc5 Qd7 16. Bxb4 Nxb4 17. Qc1 c6 18. Qe3 b6 19. Rcc1 c5 20. Nd2 Rab8 21.
b3 Nc6 22. Rfe1 Nd4 23. Rc3 Rfe8 24. Qe4 Kh8 25. Kh1 f5 26. Qh4 Bd5 27. e4 fxe4
28. Bxe4 Bg8 29. Nc4 Re6 30. Qg4 Qe7 31. Kg2 Rf8 32. Qd1 Rh6 33. h4 g5 34. Qd2
Rhf6 35. Qxg5 Rxf2+ 36. Kg1 R8f6 37. Qg4 Be6 38. Qh5 R2f5 39. Bxf5 Rxf5 40. Qd1
Nf3+ 41. Kf2 Nxh4+ 42. Kg1 Nf3+ 43. Kf2 Nxe1+ 44. Kxe1 Qg5 0-1

[Event "3FoglarVeterans_SIM_A"]
[Site "?"]
[Date "2007.??.??"]
[Round "?"]
[White "Leemans, Robert"]
[Black "Sage, Francois"]
[Result "1/2-1/2"]
[WhiteElo "2348"]
[BlackElo "2371"]
[PlyCount "41"]
[EventDate "2007.??.??"]
[EventType "corr"]
[SourceDate "2007.04.06"]

1. d4 Nf6 2. c4 e6 3. Nc3 d5 4. cxd5 exd5 5. Bg5 Be7 6. e3 c6 7. Bd3 Nbd7 8.
Qc2 Nf8 9. Nf3 Ne6 10. Bh4 g6 11. O-O O-O 12. Rab1 a5 13. a3 Ng7 14. b4 axb4
15. axb4 Bf5 16. b5 Bxd3 17. Qxd3 Nf5 18. Bxf6 Bxf6 19. Rfc1 Ra3 20. Qc2 Nd6
21. bxc6 1/2-1/2

[Event "3FoglarVeterans_SIM_A"]
[Site "?"]
[Date "2007.??.??"]
[Round "?"]
[White "Bucek, Jiri"]
[Black "Kostal, Jindrich"]
[Result "1-0"]
[WhiteElo "2370"]
[BlackElo "2385"]
[PlyCount "113"]
[EventDate "2007.??.??"]
[EventType "corr"]
[SourceDate "2007.04.06"]

1. e4 e5 2. Nf3 Nc6 3. Bb5 a6 4. Ba4 Nf6 5. O-O Be7 6. Re1 b5 7. Bb3 d6 8. c3
O-O 9. h3 Nb8 10. d4 Nbd7 11. Nbd2 Bb7 12. Bc2 Re8 13. a4 c5 14. d5 Bf8 15. Nf1
c4 16. Be3 Qc7 17. Ng3 g6 18. Ra3 Bg7 19. Qd2 Nc5 20. Rea1 Reb8 21. Qe2 Nfd7
22. Nd2 Nb6 23. axb5 axb5 24. h4 Rxa3 25. Rxa3 Bc8 26. h5 Bd7 27. Bg5 Qc8 28.
Qe1 f5 29. exf5 gxf5 30. h6 Bh8 31. Qe2 Qf8 32. Be3 e4 33. Bxc5 dxc5 34. Qe3
Bf6 35. Nh5 Re8 36. Nxf6+ Qxf6 37. Ra6 Qg6 38. Nf1 Bc8 39. Ra7 Nd7 40. Ng3 Qg4
41. Rc7 Kf8 42. Ne2 Kg8 43. Nf4 Kh8 44. d6 Ne5 45. Nd5 Qg6 46. Rg7 Nf3+ 47. Kf1
Nh2+ 48. Ke1 Ng4 49. Qf4 Qxh6 50. Rxg4 Qxf4 51. Rxf4 Kg7 52. Ne7 Kf6 53. Nxc8
Rxc8 54. d7 Rd8 55. g4 Ke7 56. Rxf5 Rxd7 57. Bxe4 1-0

[Event "3FoglarVeterans_SIM_A"]
[Site "?"]
[Date "2007.??.??"]
[Round "?"]
[White "Timokhovich, Nikolai"]
[Black "Leroy, Jacques"]
[Result "1/2-1/2"]
[WhiteElo "2345"]
[BlackElo "2386"]
[PlyCount "94"]
[EventDate "2007.??.??"]
[EventType "corr"]
[SourceDate "2007.04.06"]

1. e4 c5 2. Nf3 d6 3. d4 cxd4 4. Nxd4 Nf6 5. Nc3 g6 6. Be3 Bg7 7. f3 O-O 8. Qd2
Nc6 9. O-O-O d5 10. exd5 Nxd5 11. Nxc6 bxc6 12. Bd4 Bxd4 13. Qxd4 Qb6 14. Na4
Qc7 15. Bc4 Rd8 16. g4 Be6 17. Nc5 Nf4 18. Nxe6 Nxe6 19. Qe4 Ng5 20. Qe3 Nh3
21. Rhf1 Nf4 22. Qe4 e6 23. h4 h5 24. Kb1 Rd6 25. Rxd6 Qxd6 26. c3 Rd8 27. a3
Kg7 28. Ka2 Qc7 29. Re1 Rd2 30. Qe3 Qd6 31. gxh5 Ng2 32. Qe5+ Qxe5 33. Rxe5
Nxh4 34. hxg6 Kxg6 35. f4 Kf6 36. Ra5 Rd7 37. Bf1 Ng6 38. Ra4 Ne7 39. Bg2 Nd5
40. Rc4 Ke7 41. Bf3 Kd6 42. Kb1 f5 43. Bxd5 exd5 44. Ra4 Rg7 45. b4 Rg4 46.
Rxa7 Rxf4 47. Kc2 Rf2+ 1/2-1/2

[Event "3FoglarVeterans_SIM_A"]
[Site "?"]
[Date "2007.??.??"]
[Round "?"]
[White "Anderson, Brian"]
[Black "Glaser, Karel"]
[Result "1/2-1/2"]
[WhiteElo "2346"]
[BlackElo "2165"]
[PlyCount "61"]
[EventDate "2007.??.??"]
[EventType "corr"]
[SourceDate "2007.04.06"]

1. e4 e5 2. Nf3 Nc6 3. Bb5 a6 4. Ba4 Nf6 5. O-O Be7 6. Re1 b5 7. Bb3 d6 8. c3
O-O 9. h3 Na5 10. Bc2 c5 11. d4 Qc7 12. Nbd2 cxd4 13. cxd4 Nc6 14. Nb3 a5 15.
Be3 a4 16. Nbd2 Bd7 17. Rc1 Qb7 18. Qe2 Rfc8 19. Bb1 Bd8 20. Bd3 Ba5 21. d5 Nb4
22. Bb1 Na6 23. Red1 Bb6 24. Bg5 Bd8 25. Nf1 h6 26. Bd2 b4 27. Ng3 b3 28. a3
Rxc1 29. Rxc1 Rc8 30. Bc3 Qa7 31. Nd2 1/2-1/2

[Event "3FoglarVeterans_SIM_A"]
[Site "?"]
[Date "2007.??.??"]
[Round "?"]
[White "Canibal, Jaromir"]
[Black "Anderson, Brian"]
[Result "1/2-1/2"]
[WhiteElo "2179"]
[BlackElo "2346"]
[PlyCount "47"]
[EventDate "2007.??.??"]
[EventType "corr"]
[SourceDate "2007.04.06"]

1. e4 e5 2. Nf3 Nc6 3. Bb5 a6 4. Ba4 Nf6 5. O-O b5 6. Bb3 Be7 7. Re1 O-O 8. c3
Na5 9. Bc2 c5 10. Nxe5 d5 11. exd5 Qxd5 12. d4 Bb7 13. Qf3 Qxf3 14. Nxf3 Rfe8
15. a4 b4 16. cxb4 cxb4 17. Be3 Rac8 18. Bf5 Nb3 19. Bxc8 Bxc8 20. Nbd2 Nxa1
21. Rxa1 Nd5 22. Rc1 Bd7 23. a5 f6 24. Nc4 1/2-1/2

[Event "3FoglarVeterans_SIM_A"]
[Site "?"]
[Date "2007.??.??"]
[Round "?"]
[White "Glembek, Bohumir"]
[Black "Timokhovich, Nikolai"]
[Result "1/2-1/2"]
[WhiteElo "2189"]
[BlackElo "2345"]
[PlyCount "64"]
[EventDate "2007.??.??"]
[EventType "corr"]
[SourceDate "2007.04.06"]

1. d4 d5 2. c4 e6 3. Nc3 Be7 4. Nf3 Nf6 5. Bg5 h6 6. Bh4 O-O 7. e3 b6 8. Bd3
Bb7 9. O-O Nbd7 10. Qe2 c5 11. cxd5 Nxd5 12. Bg3 cxd4 13. Nxd5 Bxd5 14. Nxd4
Nc5 15. Bc2 Ne4 16. Rad1 Nxg3 17. fxg3 Qe8 18. Qd3 g6 19. Kh1 Bb7 20. Qe2 Rc8
21. a3 a6 22. e4 Rc5 23. e5 Qb8 24. Rde1 Qd8 25. Nf3 Qa8 26. Bb1 Rfc8 27. h4 a5
28. Qd2 Ba6 29. Rf2 Bf8 30. h5 gxh5 31. Ng5 hxg5 32. Bh7+ Kxh7 1/2-1/2

[Event "3FoglarVeterans_SIM_A"]
[Site "?"]
[Date "2007.??.??"]
[Round "?"]
[White "Miciak, Emanuel"]
[Black "Leemans, Robert"]
[Result "1/2-1/2"]
[WhiteElo "2372"]
[BlackElo "2348"]
[PlyCount "68"]
[EventDate "2007.??.??"]
[EventType "corr"]
[SourceDate "2007.04.06"]

1. d4 Nf6 2. c4 g6 3. Nc3 Bg7 4. e4 d6 5. Nf3 O-O 6. Be2 e5 7. O-O Nc6 8. d5
Ne7 9. b4 Nh5 10. Re1 f5 11. Ng5 Nf6 12. f3 Kh8 13. Be3 Ne8 14. Rc1 h6 15. Nh3
a5 16. a3 fxe4 17. fxe4 Bxh3 18. gxh3 g5 19. h4 gxh4 20. Kh1 Ng6 21. Bg4 Nf4
22. Bf5 axb4 23. axb4 Bf6 24. Ne2 Bg5 25. Nxf4 Bxf4 26. Bxf4 exf4 27. Qg4 Qf6
28. Qxf4 Ng7 29. Rg1 Nxf5 30. exf5 Rf7 31. Rcf1 Rg8 32. Rg4 Rxg4 33. Qxg4 Rg7
34. Qe4 Rg5 1/2-1/2

[Event "3FoglarVeterans_SIM_A"]
[Site "?"]
[Date "2007.??.??"]
[Round "?"]
[White "Leemans, Robert"]
[Black "Plchut, Jan"]
[Result "0-1"]
[WhiteElo "2348"]
[BlackElo "2324"]
[PlyCount "48"]
[EventDate "2007.??.??"]
[EventType "corr"]
[SourceDate "2007.04.06"]

1. d4 Nf6 2. c4 g6 3. Nc3 Bg7 4. e4 d6 5. f4 O-O 6. Nf3 c5 7. d5 e6 8. Be2 exd5
9. cxd5 Bg4 10. O-O Nbd7 11. h3 Bxf3 12. Bxf3 Rb8 13. a4 a6 14. Re1 Ne8 15. a5
Nc7 16. Be3 b5 17. axb6 Rxb6 18. Na4 Rb8 19. Qd2 Nb5 20. Nc3 Nd4 21. Rxa6 Nxf3+
22. gxf3 Nb6 23. Qe2 f5 24. Qg2 Nc4 0-1